| 000 | 00710nam a2200241 a 4500 | ||
|---|---|---|---|
| 008 | |||
| 020 | _a025605682X (hbk.) | ||
| 049 | _aMAIN | ||
| 100 | 1 | _aKnowles, Thomas W. | |
| 245 | 1 | 0 |
_aManagement science : _bbuilding and using models / _cThomas W. Knowles. |
| 260 |
_aHomewood, Ill. : _bIrwin, _cc1989. |
||
| 300 |
_axix, 1035 p. : _bill. ; _c24 cm. |
||
| 500 | _aIncludes index. | ||
| 650 | 0 | _aManagement science. | |
| 650 | 0 |
_aManagement science _vCase studies. |
|
| 650 | 2 | _aIndustry. | |
| 650 | 2 | _aOrganization and Administration. | |
| 907 |
_a.b10105773 _b22-01-07 _c07-01-04 |
||
| 003 | |||
| 005 | 20230123133557.0 | ||
| 040 | _cNUST | ||
| 942 | _cBOOKS | ||
| 999 |
_c151000 _d151000 |
||